<The> Journal of conflict resolution journal of the Peace Science Society (International)

Na minha lista:
Detalhes bibliográficos
Formato: Periódico
Idioma:inglês
Publicado em: Newbury Park SAGE Publ. 1993
Assuntos:
Tags: Adicionar Tag
Sem tags, seja o primeiro a adicionar uma tag!

MARC

LEADER 00000nas2a2200000 4500
001 s013777
005 20240109100409.4
022 |a 0022-0027 
041 0 |a eng 
044 |a US 
245 1 0 |a <The> Journal of conflict resolution  |b journal of the Peace Science Society (International) 
264 1 |a Newbury Park  |b SAGE Publ.  |c 1993 
300 |a 1 zv. 
773 0 |w eu_un_cat*s120120 
610 2 0 |a vzťahy politické medzinárodné 
610 2 0 |a konflikty 
610 2 0 |a výskum